Normal view
MARC view
- abridgement editor, Erin J. Bredensteiner
Entry Personal Name
001 - CONTROL NUMBER
- control field: 69311
003 - CONTROL NUMBER IDENTIFIER
- control field: NUST
005 - DATE AND TIME OF LATEST TRANSACTION
- control field: 20210628204219.0
008 - FIXED-LENGTH DATA ELEMENTS
- fixed length control field: 210628|| aca||aabn | a|a d
040 ## - CATALOGING SOURCE
- Original cataloging agency: NUST
- Transcribing agency: NUST
100 ## - HEADING--PERSONAL NAME
- Personal name: abridgement editor, Erin J. Bredensteiner
670 ## - SOURCE DATA FOUND
- Source citation: Work cat.: (NUST): Bronson, Richard 36440, Differential equations [electronic resource] : based on Schaum's outline of theory and problems of differential equations, second edition, 2003
